=LDR 00000nam 2200000 4500 =001 INLIS000000000051515 =005 20230522074306 =035 ##$$a 0010-0917000319 =008 230522################g##########0#ind## =020 ##$$a 979 - 602 - 217 - 505 - 6 =040 ##$$a ind =082 ##$$a 371.3 =090 ##$$a 910.072 $b Sum =100 #$$a Jumanta Hamdayama =245 1#$$a Metodologi Pengajaran /$c Jumanta Hamdayama; editor Suryani =260 ##$$a Jakarta :$b Bumi Aksara,$c 2016 =300 ##$$a viii , 229 hlm . : $b Ilus. ; $c 23 x 115 cm =850 ##$$a NBPDMAT =084 ##$$a 371.3 JUM m =500 ##$$a Biografi ; hlm . 229 =650 #4$$a Pengajaran - Metodologi =700 #$$a Suryani =504 ##$$a Bibliografi ; hlm . 207 - 2111 =250 ##$$a Cet. 1 =990 ##$$a 21703585 =990 ##$$a 21703584 =990 ##$$a 21703583 =990 ##$$a 21703582 =990 ##$$a 21703581 =990 ##$$a 21703581 =990 ##$$a 21703585 =990 ##$$a 21703584 =990 ##$$a 21703583 =990 ##$$a 21703582